1656 1982 1186 1512 1112 1524 1137 1770 1579 1815 1206 1919 1760 1137 1969 1699 1214 1164 1075 1133 1547 1105 1008 1435 1802 1149 1232 1555 1130 1999 1571 1723 1378 1186 1564 1642 1977 1795 1624 1572 1480 1434 1789 1705 1680 1018 1401 1036 1628 1233 1543 1301 1624 1504 1327 1673 1798 1519 1095 1506 1928 1026 1265 1108 1286 1084 1217 1348 1483 1089 1930 1617 1869 1314 1360 1740 1345 1616 1830 1504 1065 1945 1974 1124 1145 1266 1976 1802 1019 1809 1937 1667 1314 1892 1006 1259 1984 1355 1496 BCNSPRNW ULIB Ver.6.0+V

เปลี่ยนเป็นภาษาไทย

Change to English
 แสดงรายละเอียดบรรณานุกรม
  กลับหน้าหลัก

Brief Record : Get Marc (ISO 2709) : E-mail record : QR code < ปิดหน้าต่าง
LEADER : 00000nam 2200000uu 4500
001    13399120221
003     ULIB
008    110302s2551||||th 000 0 tha d
020    9786167299136 (ล.3)
060 04 QV55^bค125ร ล.3
245 00 รอบรู้เรื่องยาและผลิตภัณฑ์สุขภาพ เล่ม 3/^cบรรณาธิการ : อรลักษณาแพรัตกุล
250    พิมพ์ครั้งที่ 1
260    นครนายก :^bคณะเภสัชศาสตร์ มหาวิทยาลัยศรีนครินทรวิโรฒ,^c2551
300     308 หน้า :^bภาพประกอบ ;^c21 ซม.
650  7 ยา^vรวมเรื่อง
650  7 การใช้ยา^vรวมเรื่อง
650  7 ผลิตภัณฑ์สุขภาพ^vรวมเรื่อง
700 0  อรลักษณา แพรัตกุล,^eบรรณาธิการ
710 2  มหาวิทยาลัยศรีนครินทรวิโรฒ. ^bคณะเภสัชศาสตร์
945    ^p200^l0^i028419
945    ^p200^l0^i028898
945    ^p200^l0^i028899
995    ทศพร
999 ^a ใช้งานได้ทุกระบบ
รายการนี้ยังไม่มีแท็ก
คุณยังไม่ได้ล็อกอิน คุณสามารถมีกิจกรรมร่วมกับเว็บไซต์ได้ แต่ต้องล็อกอินก่อน ::
  ล็อกอิน

รายการสื่อสารสนเทศ

ลำดับที่ ประเภท เลขเรียก/บาร์โค้ด สถานที่ สถานะ
1. วิทยาศาสตร์การแพทย์ และสุขภาพ
วิทยาศาสตร์การแพทย์ และสุขภาพ
QV55 ค125ร ล.3 ฉ.1 
  Barcode: 028419
ห้องสมุดวิทยาเขตสวรรค์ประชารักษ์
►ส่วนจัดเก็บหนังสือเก่า สปร
บนชั้น
  ขอยืม
2. วิทยาศาสตร์การแพทย์ และสุขภาพ
วิทยาศาสตร์การแพทย์ และสุขภาพ
QV55 ค125ร ล.3 ฉ.2 
  Barcode: 028898
ห้องสมุดวิทยาเขตสวรรค์ประชารักษ์
►ส่วนจัดเก็บหนังสือเก่า สปร
บนชั้น
  ขอยืม
3. วิทยาศาสตร์การแพทย์ และสุขภาพ
วิทยาศาสตร์การแพทย์ และสุขภาพ
QV55 ค125ร ล.3 ฉ.3 
  Barcode: 028899
ห้องสมุดวิทยาเขตสวรรค์ประชารักษ์
►ส่วนจัดเก็บหนังสือเก่า สปร
บนชั้น
  ขอยืม

BibComment


ยังไม่เคยถูกคอมเมนท์

คอมเมนท์ทรัพยากรรายการนี้
  คอมเมนท์: รอบรู้เรื่องยาและ..


 Copyright 2026. Bcnsprnw @Library